000 00420nam a2200157Ia 4500
003 GCL
008 140319s9999 xx 000 0 eng d
040 _aGCL /
_cGCL
082 0 4 _aCH
_b530.81
_bB Y
100 1 _aBOOKS FOR WORLD EXPLORERS
245 1 0 _aYOU WON'T BELIEVE YOUR EYES /
_cBOOKS FOR WORLD EXPLORERS
260 _a[S.N] :
_bLIBRARY OF CONGRESS
650 0 4 _aGEOGRAPHY
650 0 4 _aTRAVELS
942 _2ddc
_cBK
999 _c18999
_d18999